Sobre las revoluciones, de los orbes celestes
Guardat en:
| Autor principal: | |
|---|---|
| Format: | Llibre |
| Idioma: | espanyol |
| Publicat: |
Madrid
Nacional
1982
|
| Col·lecció: | Clásicos para una Biblioteca Contemporánea. Historia de la Filosofía y de la Ciencia
|
| Matèries: | |
| Etiquetes: |
Afegir etiqueta
Sense etiquetes, Sigues el primer a etiquetar aquest registre!
|
MARC
| LEADER | 00000nam a2200000 a 4500 | ||
|---|---|---|---|
| 001 | UCO4502 | ||
| 003 | CL-VaPUC | ||
| 008 | 000804e19820000SP |||||||||||||||||spa|d | ||
| 082 | 0 | 4 | |a 523.1 |b COP |2 21 |
| 100 | |a Copérnico, Nicolás |e author |9 269241 | ||
| 245 | 1 | 0 | |a Sobre las revoluciones, de los orbes celestes |
| 300 | |a 551 p | ||
| 942 | |c BK | ||
| 945 | |d 20000804 00:00:00 |a crobeson | ||
| 260 | |a Madrid |b Nacional |c 1982 | ||
| 650 | 0 | |a Cosmología |9 269138 | |
| 650 | 0 | |a Astronomía |9 260985 | |
| 650 | 7 | |a CUERPOS CELESTES |2 CL-VaPUC |9 310384 | |
| 650 | 7 | |a SISTEMA SOLAR |2 CL-VaPUC |9 268650 | |
| 650 | 7 | |a TIERRA |2 CL-VaPUC |9 261538 | |
| 583 | |a last modification |c 20000804 00:00:00 |k Rodrigo Vera | ||
| 490 | 0 | |a Clásicos para una Biblioteca Contemporánea. Historia de la Filosofía y de la Ciencia | |
| 999 | |c 290537 |d 290535 | ||
| 952 | |0 0 |1 0 |4 0 |6 523_100000000000000_COP_1982 |7 0 |8 A |9 340040 |a BIBART |b BIBART |d 2019-11-20 |i 1213555 |o 523.1 COP 1982 |p 1213555 |r 2025-03-13 |w 2019-11-20 |y BK |k ART | ||